[Event "Bad Woerishofen op 17th"]
[Site "Bad Woerishofen"]
[Date "2001.??.??"]
[Round "4"]
[White "Hutter, Otto"]
[Black "Thurner, Michael"]
[Result "1-0"]
[WhiteElo "2210"]
[BlackElo "1495"]
[PlyCount "49"]
[EventDate "2001.03.15"]
[EventType "swiss"]
[EventRounds "9"]
[EventCountry "GER"]
[SourceTitle "CBM 081 Extra"]
[Source "ChessBase"]
[SourceDate "2001.05.06"]
[SourceVersion "1"]
[SourceVersionDate "2001.05.06"]
[SourceQuality "1"]

1. d4 e6 2. e4 d5 3. exd5 exd5 4. Bd3 Bd6 5. c3 Ne7 6. Qh5 Nd7 7. Bg5 h6 8. Nf3 Nf6 9. Bxf6 gxf6 10. c4 Bb4+ 11. Nc3 Be6 12. c5 c6 13. Nh4 Qd7 14. Qf3 0-0-0 15. a3 Bxc3+ 16. bxc3 Rhe8 17. Kd2 Qc7 18. Rab1 h5 19. h3 f5 20. Rb3 Rd7 21. Rhb1 Qb8 22. Ba6 Rh8 23. a4 Rc7 24. Qf4 f6 25. Bxb7+ 1-0